| 000 | 00647nam a22001937a 4500 | ||
|---|---|---|---|
| 003 | SISC | ||
| 005 | 20180724124918.0 | ||
| 008 | 180724b xxu||||| |||| 00| 0 eng d | ||
| 050 |
_aP 90 _b.G754 2013 |
||
| 100 | _aGriffin, Em | ||
| 245 |
_aA first look at communication theory / _cEm Griffin |
||
| 250 |
_aEighth edition _bInternational edition 2013 |
||
| 260 |
_aNew York : _bMcGraw-Hill Education, _cc2012 |
||
| 300 |
_axv, 486 pages : _billustrations ; _c26 cm. |
||
| 500 | _aIncludes index and bibliographical references. | ||
| 650 |
_2Library of Congress Subject Headings _aCommunication _xPhilosophy |
||
| 942 |
_2lcc _cBK |
||
| 999 |
_c358165 _d358165 |
||